Central Library OPAC University of Rajshahi

Linguistics : (Record no. 61107)

MARC details
000 -LEADER
fixed length control field 00717nam a2200241 a 4500
001 - CONTROL NUMBER
control field 61107
003 - CONTROL NUMBER IDENTIFIER
rucl marc code BD-RjUL
005 - DATE AND TIME OF LATEST TRANSACTION
control field 20211209080925.0
008 - FIXED-LENGTH DATA ELEMENTS--GENERAL INFORMATION
fixed length control field 170115s1995 ii a 001 0 eng u
020 ## - INTERNATIONAL STANDARD BOOK NUMBER
International Standard Book Number 8120310403
Terms of availability Rs. : 225.00
035 ## - SYSTEM CONTROL NUMBER
System control number (BD-RjUL)61231
040 ## - CATALOGING SOURCE
Original cataloging agency BD-RjUL
Language of cataloging eng
Transcribing agency BD-RjUL
041 ## - LANGUAGE CODE
Language code of text/sound track or separate title eng
082 ## - DEWEY DECIMAL CLASSIFICATION NUMBER
Edition number 23
Classification number 410
Author mark and year AKL 1996
245 10 - TITLE STATEMENT
Title Linguistics :
Remainder of title an introduction to language and communication /
Statement of responsibility, etc. Adrian Akmajian [et al...]
250 ## - EDITION STATEMENT
Edition statement 4th ed.
260 ## - PUBLICATION, DISTRIBUTION, ETC. (IMPRINT)
Place of publication, distribution, etc. New Delhi :
Name of publisher, distributor, etc. Prentice-Hall of India,
Date of publication, distribution, etc. c1995 [1996].
300 ## - PHYSICAL DESCRIPTION
Pagination 206 p. :
Illustrations ill. ;
Size 20 cm.
500 ## - GENERAL NOTE
General note Includes index.
650 #0 - SUBJECT ADDED ENTRY--TOPICAL TERM
Topical term or geographic name as entry element Linguistics.
9 (RLIN) 181595
700 ## - ADDED ENTRY--PERSONAL NAME
Personal name Akmajian, Adrian.
942 ## - ADDED ENTRY ELEMENTS (KOHA)
Source of classification or shelving scheme Dewey Decimal Classification
Koha item type Books
Holdings
Lost status Source of classification or shelving scheme Damaged status Not for loan Collection code Permanent Location Current Location Shelving location Date acquired Source of acquisition Cost, normal purchase price Total Checkouts Full call number Date last seen Copy number Koha item type
  Dewey Decimal Classification   Not For Loan Non-fiction Central Library, University of Rajshahi Central Library, University of Rajshahi Reading Room 12/12/1996 Book View, 145. N. Mer, Dhaka 337.50   410 LIN 1996 15/01/2017 C-1 Books